000 00504nam a2200145 a 4500
008 120416s1974 ||||||||||||||||| || u
050 _aTA 684 Par
100 _aParker, Harry
245 1 0 _aSimplified design of structural steel
250 _a4th ed.
260 _aNew York
_bJohn Wiley and Sons
_c[1974]
300 _axiv, 326p. : ill.
350 _a0.00
995 _D0.00
_FCBU-MAIN LIBRARY (Kitwe)
_H1
_I0.00
_M1
_UDAMAGED
_ZMain Library Open Access Collection
999 _c57483
_d57483